000 00571nam a2200205Ia 4500
003 OSt
005 20230412104352.0
008 210423s2009 xx 000 0 und d
020 _a9788183188029
040 _cAL
041 _aeng
082 _a543
_223
_bCHAG
100 _aCHATWAL (Gurdeep R);ANAND (Sham K).
_978766
245 _aInstrumental methods of chemical analysis.
260 _aMumbai
_bHimalaya Publishing House
_c2009
300 _axiii,2.780
_bPB
365 _b325
_cINR
906 _aanalysis. ; chemical ; Instrumental ; methods
942 _2ddc
_cBK
999 _c154281
_d154281